zpět

Detail výsledku týmu

New Gym Boskovice, Boskovice

Datum a čas kvízu

38 Celkem bodů Celkový počet nahraných bodů na tomto kvízu bez doplňovacích otázek.
3. Pořadí na kvízu Konečné umístění týmu na tomto kvízu.

Zaznamenané odpovědi

# Otázka Odpověď Body Výsledky
1. Poradní výbor Rady Evropy vyzv... o slovenštinu 1
2. V italském městě Pesaro nechal... Luciano Pavarotti 1
3. Kterou známou hollywoodskou he... Julii Roberts 0
4. Která společnost vyhrála minul... Netflix 1
5. V neděli jsme se dozvěděli jmé... Lando Norris, 3. místo 1
6. Jak jinak začít toto téma, než... žlutý trpaslík 0.5
7. Další otázku věnujme Zemi. Jed... 6378 km 1
8. Nyní se podíváme na planety, c... Uran; Venuše 0
9. Na řadě je rychlost planet. Co... B 1
10. Přiřaďte názvy těchto měsíců k... 1D 2C 3B 4A 0